Statistics for Rivers of the World A-Z

Click here to take the quiz!

General Stats

  • This quiz has been taken 28 times
  • The average score is 9 of 26

Answer Stats

LetterHintAnswer% Correct
CSecond longest river in Africa and second largest by discharge in the worldCongo
100%
YNorthernmost of the two "top ten" longest rivers that start with a Y, also a colorYellow
79%
NThird longest in Africa, with B as a major tributaryNiger
71%
ZRiver that touches the "slightly off" corner of Namibia, Botswana, Zambia and ZimbabweZambezi
68%
SNamed after a West African country in which it flows in the northSenegal
64%
ERiver in northern Spain which flows mainly east-southeastEbro
61%
HFlows into the Yangtze at Wuhan, namesake of a major Chinese dynastyHan
61%
MLongest river system in Canada, longest river to empty into the Arctic Ocean from North America, and drains about 20% of CanadaMackenzie
57%
VMain river of Ghana, with its basin in parts of five other countries; change one letter and you get the longest river in EuropeVolta
54%
LForms the northern border of South Africa and flows into the Indian Ocean near Xai-Xai, MozambiqueLimpopo
46%
DTributary of the Murray river which flows through the state of New South Wales, AustraliaDarling
39%
IMajor river in Myanmar, flowing north-to-south from the Andaman SeaIrrawaddy
39%
AMajor river in Central Asia which flows into the remnants of the Aral SeaAmu Darya
25%
URanked fiftieth in length by Wikipedia, it is an anagram of a major city it passes throughUbangi
18%
WNamed for a "doubled" city in Washington state, also starts with the same two letters as WashingtonWalla Walla
18%
XOnly "river" starting with X with a length over 1000 kmXingu
14%
BTributary which flows through eastern Nigeria and northern CameroonBenue
11%
GLongest river on the Deccan Peninsula (not the Ganges, it is not on the peninsula)Godavari
11%
KTributary which shares the name of some of its own tributaries with many provinces of the Democratic Republic of the Congo, including sharing its own name with three of themKasai
11%
JSix-letter tributary of the Amazon, home to super-heavy 6' catfishJapura
7%
RWorld's shortest river according to the Guinness Book of World RecordsRoe
7%
FThird longest river on New Guinea and the namesake of a turtle with a nose resembling a pig's snoutFly
4%
OMajor river in North Siberia, west of the Lena river delta in the Sakha RepublicOlenyok
4%
PFirst major tributary of the Amazon which joins west of ManausPurus
4%
QTributary of the Yangtze which flows through central NanjingQinhuai
4%
TEndorheic river in Xinjiang, China, near the Kunlun MountainsTarim
4%

Score Distribution

Percentile by Number Answered

Percent of People with Each Score

Your Score History

You have not taken this quiz